|
|
|
|
| LEADER |
00000nas a2200000 a 4500 |
| 001 |
ssj0010468 |
| 003 |
WaSeSS |
| 005 |
20200512172242.0 |
| 006 |
m d |
| 007 |
cr n |
| 008 |
960122d19962018paumr p s 0 a0eng c |
| 010 |
|
|
|a 96648253
|z sn 96000062
|
| 016 |
7 |
|
|a 009847142
|2 Uk
|
| 022 |
|
|
|l 1087-2817
|y 1087-2817
|
| 035 |
|
|
|a (WaSeSS)ssj0010468
|
| 037 |
|
|
|b North American Pub. Co., 401 N. Broad St., Philadelphia, PA 19108
|c $65.00
|
| 040 |
|
|
|a WQR
|b eng
|c WQR
|d NSD
|d OCL
|d DLC
|d U9S
|d OCLCQ
|d UKMGB
|d OCLCQ
|d OCLCF
|d OCLCO
|d OCLCQ
|d DLC
|d U3G
|d DLC
|d WaSeSS
|
| 042 |
|
|
|a nsdp
|a pcc
|
| 050 |
0 |
0 |
|a Z252.5.O5
|b R39
|
| 082 |
0 |
0 |
|a 686.2/315/05
|2 20
|
| 210 |
0 |
|
|a In-plant graph.
|
| 222 |
|
0 |
|a In-plant graphics
|
| 245 |
0 |
0 |
|a In-plant graphics
|h [electronic resource].
|
| 260 |
|
|
|a Philadelphia, PA :
|b North American Pub. Co.,
|c 1996-
|
| 310 |
|
|
|a Monthly,
|b <Jan. 2000->
|
| 321 |
|
|
|a Eleven no. a year,
|b Jan. 1996-
|
| 362 |
0 |
|
|a Vol. 46, no. 1 (Jan. 1996)-Vol. 68 (2018).
|
| 506 |
|
|
|a License restrictions may limit access.
|
| 588 |
|
|
|a Latest issue consulted: Vol. 53, no. 9 (Sept. 2003).
|
| 650 |
|
0 |
|a Offset printing
|v Periodicals.
|
| 650 |
|
0 |
|a Copying processes
|v Periodicals.
|
| 650 |
|
0 |
|a Electronic publishing
|v Periodicals.
|
| 650 |
|
0 |
|a In-plant printing services
|x Management
|v Periodicals.
|
| 650 |
|
6 |
|a Offset
|v Périodiques.
|
| 650 |
|
6 |
|a Reprographie
|v Périodiques.
|
| 650 |
|
6 |
|a Édition électronique
|v Périodiques.
|
| 650 |
|
6 |
|a Imprimeries intégrées
|x Gestion
|v Périodiques.
|
| 650 |
|
7 |
|a Copying processes.
|2 fast
|0 (OCoLC)fst00878692
|
| 650 |
|
7 |
|a Electronic publishing.
|2 fast
|0 (OCoLC)fst00907433
|
| 650 |
|
7 |
|a In-plant printing services
|x Management.
|2 fast
|0 (OCoLC)fst00968367
|
| 650 |
|
7 |
|a Offset printing.
|2 fast
|0 (OCoLC)fst01044269
|
| 655 |
|
0 |
|a Electronic journals.
|
| 780 |
0 |
0 |
|t In-plant reproductions (Philadelphia, Pa. : 1988)
|x 1043-1942
|w (DLC) 89655685
|w (OCoLC)19340328
|
| 785 |
0 |
0 |
|t In-plant impressions
|x 2641-3507
|w (DLC) 2019201550
|w (OCoLC)1082144079
|
| 850 |
|
|
|a DLC
|
| 856 |
4 |
0 |
|z Full text available from Research Library: 03/01/1998 to present
|u https://search.proquest.com/publication/35219
|